Central Library OPAC University of Rajshahi

বেদের পরিচয় : (Record no. 38152)

MARC details
000 -LEADER
fixed length control field 00925nam a22002297a 4500
001 - CONTROL NUMBER
control field 38152
003 - CONTROL NUMBER IDENTIFIER
rucl marc code BD-RjUL
005 - DATE AND TIME OF LATEST TRANSACTION
control field 20211209052734.0
008 - FIXED-LENGTH DATA ELEMENTS--GENERAL INFORMATION
fixed length control field 150916r1993 ii ||||| |||| 00| 0 ben d
035 ## - SYSTEM CONTROL NUMBER
System control number (BD-RjUL)38257
040 ## - CATALOGING SOURCE
Original cataloging agency BD-RjUL
Language of cataloging ben
Transcribing agency BD-RjUL
041 ## - LANGUAGE CODE
Language code of text/sound track or separate title ben
082 ## - DEWEY DECIMAL CLASSIFICATION NUMBER
Classification number B 294.5921
Author mark and year BAV 1993
100 ## - MAIN ENTRY--PERSONAL NAME
Personal name বসু, যোগীরাজ
9 (RLIN) 118055
245 ## - TITLE STATEMENT
Title বেদের পরিচয় :
Remainder of title (বৈদিক সাহিত্যের ইতিহাস ) /
Statement of responsibility, etc. যোগীরাজ বসু
250 ## - EDITION STATEMENT
Edition statement ৩য় সং (সংশোধিত ও পরিবর্ধিত)
260 ## - PUBLICATION, DISTRIBUTION, ETC. (IMPRINT)
Place of publication, distribution, etc. কলিকাতা :
Name of publisher, distributor, etc. ফার্মা কেএলএম প্রাইভেট লি.,
Date of publication, distribution, etc. ১৯৯৩ [পূনর্মুদ্রণ]
300 ## - PHYSICAL DESCRIPTION
Pagination ২৫৮ পৃ. ;
Size ২১ সেমি.
650 ## - SUBJECT ADDED ENTRY--TOPICAL TERM
Topical term or geographic name as entry element Vedas.
9 (RLIN) 117482
Topical term or geographic name as entry element Hindu philosophy.
9 (RLIN) 117482
942 ## - ADDED ENTRY ELEMENTS (KOHA)
Source of classification or shelving scheme Dewey Decimal Classification
Koha item type Books
Holdings
Lost status Source of classification or shelving scheme Damaged status Not for loan Permanent Location Current Location Shelving location Date acquired Total Checkouts Full call number Date last seen Date checked out Copy number Koha item type Collection code Source of acquisition Cost, normal purchase price Coded location qualifier
  Dewey Decimal Classification     Central Library, University of Rajshahi Central Library, University of Rajshahi   16/09/2015 1 B 294.5921 BAV 1993 30/11/2015 29/10/2015 C-3 Books        
  Dewey Decimal Classification   Not For Loan Central Library, University of Rajshahi Central Library, University of Rajshahi Reading Room 27/05/1996   B 294.5921 BAV 1993 12/11/2015   C-1 Books Non-fiction উত্তরবঙ্গ লাইব্রেরী, রাজশাহী 98.00  
  Dewey Decimal Classification     Central Library, University of Rajshahi Central Library, University of Rajshahi   08/11/2015   B 294.5921 BAV 1993 12/11/2015   C-2 Books Non-fiction উত্তরবঙ্গ লাইব্রেরী, রাজশাহী   রা.বি. গ্র
  Dewey Decimal Classification     Central Library, University of Rajshahi Central Library, University of Rajshahi   27/05/1996   B 294.5921 BAV 1993 30/05/2016   C-4 Books Non-fiction Uttorbanga Library : Rajshahi 98.00  
  Dewey Decimal Classification     Central Library, University of Rajshahi Central Library, University of Rajshahi   27/05/1996   B 294.5921 BAV 1993 01/06/2016   C-5 Books Non-fiction Uttorbanga Library : Rajshahi 98.00  
  Dewey Decimal Classification     Central Library, University of Rajshahi Central Library, University of Rajshahi   27/05/1996 1 B 294.5921 BAV 1993 16/05/2018 23/04/2018 C-6 Books Non-fiction Uttorbongo Library : Rajshahi 70.00